| 000 | 00410nam a2200157Ia 4500 | ||
|---|---|---|---|
| 005 | 20250522035131.0 | ||
| 008 | 240331s9999 xx 000 0 und d | ||
| 020 | _a9559011464 | ||
| 082 |
_a020 _bTUY |
||
| 100 | _aParkyanathan,V.E. tr | ||
| 245 | 0 | _aTuyiyin tasamsa vakuppu | |
| 260 |
_aColombo _bIlangai Theshiya Noolaga Sevaikal Sabai _c1989 |
||
| 300 | _a54 p ., | ||
| 500 | _aLibrary based Book | ||
| 942 | _cL | ||
| 999 |
_c673 _d673 |
||